000 00465 a2200193 4500
005 20250528155341.0
008 250528b |||||||| |||| 00| 0 eng d
020 _a9780367755171
_c£ 61.99
040 _aMAIN
082 _a333.79
_bS96E(2)
100 _aSchwarz , Peter M
245 _aEnergy economics
250 _a2nd
260 _bRoutledge
_c2023
_aLondon
300 _axxvii, 440
650 _aEconomics
650 _aEnergy Industries
942 _cBK
999 _c359282
_d359282